AP Poll CFB Preseason Rankings 2025-2026 - Statistics

General Stats
  • This quiz has been taken 237 times
  • The average score is 19 of 25
Answer Stats
Ranking Team Votes % Correct
1. Texas 1552
99%
3. Ohio State 1472
97%
5. Georgia 1331
96%
2. Penn State 1547
94%
8. Alabama 1179
90%
7. Oregon 1236
88%
15. Florida 626
86%
4. Clemson 1398
85%
14. Michigan 662
83%
10. Miami 889
82%
6. Notre Dame 1325
81%
9. LSU 1174
77%
24. Tennessee 192
75%
18. Oklahoma 463
74%
19. Texas A&M 434
74%
20. Indiana 423
71%
21. Ole Miss 370
68%
23. Texas Tech 274
65%
13. South Carolina 667
64%
25. Boise State 191
61%
11. Arizona State 791
58%
12. Illinois 713
55%
22. Iowa State 309
54%
16. SMU 565
47%
17. Kansas State 512
44%
No matching quizzes found
Score Distribution
Percent of People with Each Score
Percentile by Number Answered
Your Score History
You have not taken this quiz